MARC details
| 000 -LEADER |
| fixed length control field |
02539cam a2200361 a 4500 |
| 001 - CONTROL NUMBER |
| control field |
15291143 |
| 003 - CONTROL NUMBER IDENTIFIER |
| control field |
ARRUPE |
| 005 - DATE AND TIME OF LATEST TRANSACTION |
| control field |
20180920122438.0 |
| 008 - FIXED-LENGTH DATA ELEMENTS--GENERAL INFORMATION |
| fixed length control field |
080506s2009 enkb b 001 0 eng |
| 010 ## - LIBRARY OF CONGRESS CONTROL NUMBER |
| LC control number |
2008020806 |
| 020 ## - INTERNATIONAL STANDARD BOOK NUMBER |
| International Standard Book Number |
9780195374209 (hardback : alk. paper) |
| 020 ## - INTERNATIONAL STANDARD BOOK NUMBER |
| International Standard Book Number |
0195374207 (hardback : alk. paper) |
| 035 ## - SYSTEM CONTROL NUMBER |
| System control number |
(OCoLC)227574034 |
| Canceled/invalid control number |
(OCoLC)223876754 |
| 035 ## - SYSTEM CONTROL NUMBER |
| System control number |
(OCoLC)ocn227574034 |
| 040 ## - CATALOGING SOURCE |
| Original cataloging agency |
DLC |
| Transcribing agency |
DLC |
| Modifying agency |
BAKER |
| -- |
BTCTA |
| -- |
YDXCP |
| -- |
C#P |
| -- |
BWX |
| -- |
CDX |
| -- |
ZJI |
| -- |
DLC |
| 043 ## - GEOGRAPHIC AREA CODE |
| Geographic area code |
f-cg--- |
| -- |
f-rw--- |
| -- |
fc----- |
| 050 00 - LIBRARY OF CONGRESS CALL NUMBER |
| Classification number |
DT658.26 |
| Item number |
.P78 2009 |
| 082 00 - DEWEY DECIMAL CLASSIFICATION NUMBER |
| Classification number |
967.03/2 |
| Edition number |
22 |
| 300 ## - PHYSICAL DESCRIPTION |
| Other physical details |
maps ; |
| Dimensions |
25 cm. |
| 100 1# - MAIN ENTRY--PERSONAL NAME |
| Personal name |
Prunier, Gérard. |
| 9 (RLIN) |
30155 |
| 245 10 - TITLE STATEMENT |
| Title |
Africa's world war : |
| Remainder of title |
Congo, the Rwandan genocide, and the making of a continental catastrophe / |
| Statement of responsibility, etc |
Gérard Prunier. |
| 260 ## - PUBLICATION, DISTRIBUTION, ETC. (IMPRINT) |
| Place of publication, distribution, etc |
Oxford ; |
| -- |
New York : |
| Name of publisher, distributor, etc |
Oxford University Press, |
| Date of publication, distribution, etc |
2009. |
| 300 ## - PHYSICAL DESCRIPTION |
| Extent |
xxxviii, 529 p. : |
| 504 ## - BIBLIOGRAPHY, ETC. NOTE |
| Bibliography, etc |
Includes bibliographical references (p. 469-514) and index. |
| 505 0# - FORMATTED CONTENTS NOTE |
| Formatted contents note |
Rwanda's mixed season of hope (Jul 1994 - Apr 1995) -- From Kibeho to the attack on Zaire (Apr 1995 - Oct 1996) -- The Congo basin, its interlopers, and its onlookers (Zaire, Sudanese & Ugandans, Angolan conflict) -- Winning a virtual war (Sep 1996 - May 1997) -- Losing the real peace (Kabila, Luanda/Brazzaville, the DRC, Kivus, May 1997 - Aug 1998) -- A continental war (Augu 1998 - Aug 1999, Kinshasa, Lusaka) -- Sinking into the quagmire (Aug 1999 - Jan 2001, Rwanda, Uganda, Zimbabwe, MONUC, Mzee) -- Not with a bang, but with a whimper: the war's confused ending (Jan 2001 - Dec 2002) -- From war to peace: Congolese transition and conflict deconstruction (Jan 2003-Jul 2007) -- Groping for meaning: the "Congolese" conflict and the crisis of contemporary Africa -- Seth Sendashonga's murder. |
| 650 #0 - SUBJECT ADDED ENTRY--TOPICAL TERM |
| Topical term or geographic name as entry element |
Genocide |
| Geographic subdivision |
Rwanda. |
| 9 (RLIN) |
2467 |
| 650 #0 - SUBJECT ADDED ENTRY--TOPICAL TERM |
| Topical term or geographic name as entry element |
Political violence |
| Geographic subdivision |
Great Lakes Region (Africa) |
| 9 (RLIN) |
42364 |
| 650 #0 - SUBJECT ADDED ENTRY--TOPICAL TERM |
| Topical term or geographic name as entry element |
Geopolitics |
| Geographic subdivision |
Africa, Central. |
| 9 (RLIN) |
42365 |
| 651 #0 - SUBJECT ADDED ENTRY--GEOGRAPHIC NAME |
| Geographic name |
Congo (Democratic Republic) |
| General subdivision |
History |
| Chronological subdivision |
1997- |
| 9 (RLIN) |
25421 |
| 651 #0 - SUBJECT ADDED ENTRY--GEOGRAPHIC NAME |
| Geographic name |
Rwanda |
| General subdivision |
History |
| Chronological subdivision |
Civil War, 1994 |
| General subdivision |
Refugees. |
| 9 (RLIN) |
42366 |
| 651 #0 - SUBJECT ADDED ENTRY--GEOGRAPHIC NAME |
| Geographic name |
Africa, Central |
| General subdivision |
Ethnic relations |
| -- |
Political aspects |
| Chronological subdivision |
20th century. |
| 9 (RLIN) |
42367 |
| 856 41 - ELECTRONIC LOCATION AND ACCESS |
| Materials specified |
Table of contents only |
| Uniform Resource Identifier |
<a href="http://www.loc.gov/catdir/toc/fy0903/2008020806.html">http://www.loc.gov/catdir/toc/fy0903/2008020806.html</a> |
| 906 ## - LOCAL DATA ELEMENT F, LDF (RLIN) |
| a |
7 |
| b |
cbc |
| c |
orignew |
| d |
1 |
| e |
ecip |
| f |
20 |
| g |
y-gencatlg |
| 942 ## - ADDED ENTRY ELEMENTS (KOHA) |
| Source of classification or shelving scheme |
Library of Congress Classification |
| Koha item type |
Monograph ( Printed materials) |